|
|
|
|
| LEADER |
00799nam a2200205Ia 4500 |
| 001 |
CTU_161101 |
| 008 |
210402s9999 xx 000 0 und d |
| 020 |
|
|
|c 49000
|
| 082 |
|
|
|a 128.4
|
| 082 |
|
|
|b W118
|
| 100 |
|
|
|a Waddington, Tad
|
| 245 |
|
0 |
|a Cống hiến trường cửu :
|
| 245 |
|
0 |
|b Phương pháp tư duy, lập kế hoạch và hành động để đạt được những điều có ý nghĩa =
|
| 245 |
|
0 |
|c Tad Waddington; Mai Hương dịch; Trần Vũ Nhân hiệu đính
|
| 260 |
|
|
|a Hà Nội
|
| 260 |
|
|
|b Đại học Kinh tế Quốc dân
|
| 260 |
|
|
|c 2010
|
| 650 |
|
|
|a Meaning (Philosophy),Conduct of life,Tâm lý học người
|
| 910 |
|
|
|a Nguyên
|
| 980 |
|
|
|a Trung tâm Học liệu Trường Đại học Cần Thơ
|